000 01903nam0a2200361 4500
001 RU\NLR\bibl\998020
005 20260405081854.0
010 _a5-8459-1035-8
_92000
021 _aRU
_b2006-54466
_92693
035 _a(nilc)RSL-KNO-002929611
035 _a(NLR Aleph) 000985767
090 _a487619
_c487619
100 _a20060920d2006 |||y0rusy50 ca
101 1 _arus
_ceng
102 _aRU
105 _aa |||||||||
200 1 _aСекреты цифрового сканирования со слайдов, пленок и диапозитивов
_eруководство по высококачественному цифровому сканированию для фотографов и художников
_fДэвид Д. Буш
_g[пер. с англ. И.Ю. Дорошенко, А.В. Назаренко]
210 _aМосква [и др.]
_cВильямс
_d2006
215 _a367 с., [8] л. цв. ил.
_cил.
_d24
300 _aЗагл. и авт. ориг.: Mastering digital scanning with slides, film, and transparencies/ D.D. Busch
320 _aПредм. указ.: с. 364-367
454 0 _12001#$aMastering digital scanning with slides, film, and transparencies$fD.D. Busch
_1700#1$aBusch$bD. D.$gDavid D$4070
_tMastering digital scanning with slides, film, and transparencies
_aBusch, David D
606 1 _aИзображения
_jРуководства, пособия и т.п.
_xСканирование
_92098948
_3RU\NLR\auth\661269669
606 1 _aЦифровая фотография
_xСканирование
_92291036
_3RU\NLR\auth\661372100
686 _aЗ973.235-01я7
686 _aМ944.8-5-05
700 1 _4070
_8rus
_7ca
_aБуш
_bД.Д.
_gДэвид Д.
_3RU\NLR\auth\7728674
_911705
801 0 _aRU
_bРКП
_c20060920
_grpk
801 1 _aRU
_bРГБ
_c20060920
801 2 _aRU
_bNLR
_c20061017
_grcr
942 _cBOOK
980 _aNB